Footballeurs en Y et Z (par images). - Statistiques

Statistiques générales
  • Ce quiz a été pris 445 fois
  • Le résultat moyen est 7 sur 12
Statistiques - réponses
Par images Réponse % Correct
Zinédine Zidane
100%
Hakim Ziyech
85%
Lev Yashin
85%
Javier Zanetti
83%
Zico
77%
Wilfried Zaha
73%
Burak Yılmaz
67%
Gianfranco Zola
39%
Dino Zoff
36%
Iván Zamorano
12%
Zizinho
8%
Walter Zenga
2%
Aucun quiz correspondant
Distribution des résultats
% des personnes avec chaque résultat
Percentile par nombre de réponses
Votre historique - résultats
Vous n’avez pas pris ce quiz